[Event "Schwarzach op-A"]
[Site "Schwarzach"]
[Date "1999.??.??"]
[Round "7"]
[White "Burger, Andreas"]
[Black "Hoellrigl, Wilfried"]
[Result "1-0"]
[WhiteElo "2090"]
[BlackElo "2225"]
[PlyCount "75"]
[EventDate "1999.08.??"]
[EventType "swiss"]
[EventRounds "9"]
[EventCountry "AUT"]
[SourceTitle "EXT 2000"]
[Source "ChessBase"]
[SourceDate "1999.11.16"]
[SourceVersion "1"]
[SourceVersionDate "1999.11.16"]
[SourceQuality "1"]

1. e4 c5 2. Nf3 Nc6 3. d4 cxd4 4. Nxd4 Nf6 5. Nc3 e5 6. Ndb5 d6 7. Bg5 a6 8. Bxf6 gxf6 9. Na3 b5 10. Nd5 f5 11. Bxb5 axb5 12. Nxb5 Ra4 13. Nbc7+ Kd7 14. 0-0 Qg5 15. Nb5 Ra6 16. exf5 Rg8 17. Qf3 Ne7 18. c4 Nxf5 19. Nbc3 Kd8 20. Ne4 Qh4 21. Ng3 Rg5 22. Qb3 Nd4 23. Qb8 Rc6 24. Rad1 Rg6 25. b4 Rh6 26. h3 Rg6 27. b5 Rxc4 28. Rfe1 Nf3+ 29. gxf3 Rxg3+ 30. Kf1 Qxh3+ 31. Ke2 Rc2+ 32. Rd2 Rxd2+ 33. Kxd2 Bh6+ 34. Kd1 Bg5 35. fxg3 Qf5 36. Qxd6+ Bd7 37. Qc7+ Ke8 38. Rxe5+ 1-0

[Event "Linz op 10th"]
[Site "Linz"]
[Date "1999.??.??"]
[Round "?"]
[White "Tabernig, Bernhard"]
[Black "Burger, Andreas"]
[Result "1-0"]
[WhiteElo "2360"]
[BlackElo "2090"]
[PlyCount "69"]
[EventDate "1999.??.??"]
[EventType "swiss"]
[EventRounds "9"]
[EventCountry "AUT"]
[SourceTitle "EXT 2002"]
[Source "ChessBase"]
[SourceDate "2001.11.25"]
[SourceVersion "1"]
[SourceVersionDate "2001.11.25"]
[SourceQuality "1"]

1. d4 e6 2. c4 b6 3. e4 Bb7 4. Bd3 f5 5. exf5 Bb4+ 6. Kf1 exf5 7. c5 bxc5 8. a3 Ba5 9. dxc5 Qf6 10. Nf3 Ne7 11. Qa4 Ba6 12. Bxa6 Qxa6+ 13. Kg1 c6 14. Qd4 Qe2 15. b4 Bd8 16. Nc3 Qe6 17. Bb2 Qf6 18. Qxf6 gxf6 19. Re1 Kf7 20. g3 a5 21. b5 cxb5 22. Nxb5 Nbc6 23. Nd6+ Kg7 24. Kg2 Rb8 25. Re2 Bc7 26. Nh4 Bxd6 27. cxd6 Nc8 28. Nxf5+ Kf7 29. Rhe1 Rb5 30. g4 Rd5 31. h4 Nxd6 32. Ne7 Rb5 33. Nxc6 dxc6 34. Re7+ Kg6 35. h5+ 1-0

[Event "Jacques Lemans op 17th"]
[Site "St Veit"]
[Date "1998.07.13"]
[Round "3"]
[White "Burger, Andreas"]
[Black "Kiss, Attila"]
[Result "0-1"]
[WhiteElo "2095"]
[BlackElo "2405"]
[PlyCount "102"]
[EventDate "1998.07.11"]
[EventType "swiss"]
[EventRounds "9"]
[EventCountry "AUT"]
[SourceTitle "CBM 065 Extra"]
[Source "ChessBase"]
[SourceDate "1998.09.09"]
[SourceVersion "1"]
[SourceVersionDate "1998.09.09"]
[SourceQuality "1"]

1. e4 d5 2. exd5 Nf6 3. d4 Nxd5 4. c4 Nb6 5. Nf3 g6 6. c5 Nd5 7. Bc4 c6 8. Qb3 Bg7 9. Nc3 0-0 10. Nxd5 cxd5 11. Bxd5 Nc6 12. Bxc6 bxc6 13. 0-0 Be6 14. Qc3 Bd5 15. Ne5 Qc8 16. Be3 Rd8 17. b4 Rb8 18. a4 Bxe5 19. dxe5 Qg4 20. f3 Qxb4 21. Qxb4 Rxb4 22. Rfb1 Rdb8 23. Rxb4 Rxb4 24. a5 a6 25. Kf2 Rb2+ 26. Kg3 Kf8 27. Ra4 Ke8 28. Bd4 Rb3 29. Kf4 Kd7 30. h4 h5 31. Be3 Rb1 32. Bf2 Rb2 33. Kg3 Ke6 34. Bd4 Rc2 35. Ra3 Kf5 36. Ra4 Bc4 37. Rb4 Bb5 38. Rb2 Rc4 39. Rd2 Ra4 40. Bc3 Ra3 41. Rc2 Bd3 42. Rc1 Ke6 43. Kf4 Kd5 44. g4 Be2 45. gxh5 gxh5 46. Rc2 Ra4+ 47. Ke3 Bb5 48. f4 Re4+ 49. Kf3 Rc4 50. Ke3 Ke6 51. Rc1 Kf5 0-1

[Event "Werfen op-A"]
[Site "Werfen"]
[Date "1996.??.??"]
[Round "4"]
[White "Trauner, Rudolf"]
[Black "Burger, Andreas"]
[Result "1/2-1/2"]
[WhiteElo "2235"]
[BlackElo "1985"]
[PlyCount "92"]
[EventDate "1996.08.??"]
[EventType "swiss"]
[EventRounds "9"]
[EventCountry "AUT"]
[SourceTitle "EXT 2000"]
[Source "ChessBase"]
[SourceDate "1999.11.16"]
[SourceVersion "1"]
[SourceVersionDate "1999.11.16"]
[SourceQuality "1"]

1. c4 e6 2. g3 d5 3. Bg2 c6 4. Nf3 Bd6 5. Qc2 f5 6. d4 Nf6 7. Bf4 Be7 8. Nbd2 0-0 9. 0-0 Ne4 10. Rab1 Nd7 11. Ne5 Ndf6 12. b4 Bd7 13. Ndf3 a6 14. a4 Rc8 15. Qd3 b5 16. c5 Be8 17. axb5 axb5 18. Ra1 Ra8 19. Ra3 Nh5 20. Rfa1 Rxa3 21. Qxa3 Nxf4 22. gxf4 Bh4 23. Rf1 Bf6 24. Qa6 Qc7 25. e3 Nc3 26. Ra1 Na4 27. Bf1 Bd7 28. Bd3 Rc8 29. Bc2 Nb2 30. Qb6 Nc4 31. Nxc4 bxc4 32. Ra7 Qd8 33. Ba4 Be8 34. Qa6 c3 35. Kf1 Bh5 36. Ne5 Bxe5 37. dxe5 Rb8 38. Qxc6 Rxb4 39. Ra8 Rb8 40. Rxb8 Qxb8 41. Qb6 Qa8 42. Bc2 Bf3 43. c6 Qa1+ 44. Bb1 c2 45. Qd8+ Kf7 46. Qd7+ Kf8 1/2-1/2

[Event "Werfen op-A"]
[Site "Werfen"]
[Date "1995.??.??"]
[Round "1"]
[White "Zupe, Miran"]
[Black "Burger, Andreas"]
[Result "1-0"]
[WhiteElo "2420"]
[BlackElo "2045"]
[PlyCount "65"]
[EventDate "1995.09.??"]
[EventType "swiss"]
[EventRounds "9"]
[EventCountry "AUT"]
[SourceTitle "EXT 1997"]
[Source "ChessBase"]
[SourceDate "1996.11.15"]
[SourceVersion "1"]
[SourceVersionDate "1996.11.15"]
[SourceQuality "1"]

1. e4 e6 2. d4 d5 3. Nc3 Bb4 4. e5 c5 5. Bd2 cxd4 6. Nb5 Bf8 7. Nf3 Nc6 8. Nbxd4 Qb6 9. Nb3 Nge7 10. Qe2 Ng6 11. 0-0-0 Bd7 12. h4 Qc7 13. Bc3 h5 14. Kb1 Be7 15. Qe3 0-0-0 16. Bd3 Rh6 17. g3 Kb8 18. Rhe1 Bb4 19. Bxb4 Nxb4 20. Ng5 Nxd3 21. cxd3 Bc6 22. Rc1 Qe7 23. Rc3 Rhh8 24. Nd4 Bd7 25. Qf3 Nxe5 26. Rxe5 f6 27. Rxe6 Bxe6 28. Ngxe6 Rc8 29. Qf4+ Ka8 30. Nc7+ Kb8 31. Nc6+ bxc6 32. Rb3+ Qb4 33. Rxb4# 1-0

[Event "Werfen op-A"]
[Site "Werfen"]
[Date "1994.??.??"]
[Round "?"]
[White "Bielczyk, Jacek"]
[Black "Burger, Andreas"]
[Result "1-0"]
[WhiteElo "2380"]
[BlackElo "2015"]
[PlyCount "65"]
[EventDate "1994.08.??"]
[EventType "swiss"]
[EventRounds "9"]
[EventCountry "AUT"]
[SourceTitle "EXT 1998"]
[Source "ChessBase"]
[SourceDate "1997.11.17"]
[SourceVersion "1"]
[SourceVersionDate "1997.11.17"]
[SourceQuality "1"]

1. e4 e6 2. Nf3 d5 3. Nc3 Nf6 4. e5 Nfd7 5. d4 c5 6. dxc5 Bxc5 7. Bd3 Nc6 8. Bf4 Nb4 9. Be2 0-0 10. 0-0 f6 11. exf6 Qxf6 12. Bg3 a6 13. Qd2 Nc6 14. Rae1 Bb4 15. a3 Bxc3 16. bxc3 Nc5 17. Bd3 Nxd3 18. cxd3 Bd7 19. Re3 Rac8 20. Rfe1 Qh6 21. Ne5 Nxe5 22. Bxe5 Rf7 23. f4 Bb5 24. Rh3 Qg6 25. Rg3 Qh6 26. Ree3 Qh4 27. Rg5 h6 28. Rg6 Qe7 29. Reg3 Qc5+ 30. Bd4 Qxa3 31. Bxg7 Qa1+ 32. Kf2 Rc6 33. Bxh6+ 1-0